Statistics for Disney Characters 1937-1988

Click here to take the quiz!

General Stats

  • This quiz has been taken 15 times
  • The average score is 21 of 116

Answer Stats

HintAnswer% Correct
Tall funny friend of MickeyGoofy
100%
The main mouse himselfMickey Mouse
100%
Girlfriend of Mickey MouseMinnie Mouse
100%
The first ever Disney Princess that befriends 7 dwarfsSnow White
100%
Short tempered other friend of MickeyDonald Duck
90%
The Angry Dwarf that meets Snow WhiteGrumpy
90%
The droopy tired one of the 7Sleepy
90%
The loud and sick Dwarf of the 7Sneezy
90%
The romantic and shy one of the 7 DwarfsBashful
70%
The leader of the 7 DwarfsDoc
70%
A queen that wants to be the pretiest of them allQueen Grimhilde/Evil Queen
70%
A Princess that sleeps a lotAurora
60%
The fun and cheerful Dwarf of the 7Happy
60%
The youngest and quietest of the 7 DwarfsDopey
50%
The puppet who wantts to be a real boyPinocchio
50%
The Prince that falls in love with CinderellaPrince Charming
50%
The boy who will grow up and become the legendary King ArthurArthur/Wart
40%
The father of the PuppetGeppetto
40%
The narrator of Pinochio's story who stays at Geppetto's homeJiminy Cricket
40%
A girl who gets lost in wonderlandAlice
30%
The elegant bloodthirsty pirate that wants Peter Pan dead and hates kidsCaptain Hook
30%
The Princess who befriends mice and goes to a ballCinderella
30%
An elephant who was bullied for his floppy ears that saves his mother and learns to flyDumbo
30%
The Fairy who helps Cinderella get to the ballFairy Godmother
30%
The self proclaimed "Mistress of all Evil" from the Enchanted ForestMaleficent
30%
The Prince that Wakes Aurora up and marries herPrince Phillip
30%
The Fairy that brought Pinocchio to lifeThe Blue Fairy
30%
Two identical brothers that enjoy gamesTweedle Dee and Tweedle Dum
30%
The fashion-obsessed heiress who wants the skins of 99 dalmatiansCruella De Vil
20%
One of the Fairies that wears a red gownFlora
20%
A most powerful Wizard that educates ArthurMerlin
20%
One of the Fairies that wears a blue gownMerryweather
20%
A young boy who has lived in a jungle with a panther and a bearMowgli
20%
The ego-inflated boy that never grows up and lives and NeverlandPeter Pan
20%
The one Snow White falls in love withPrince Florian
20%
The Monarch that wants Alice's head offQueen of Hearts
20%
The evil man who teaches the young boys of the town to become horrible peopleThe Coachman
20%
The maddest of all in wonderland known for his hats he celebrates strange parties like "unbirthdays"The Mad Hatter
20%
Peter Pan's sassy sidekick and friendTinker Bell
20%
A young girl yet the eldest of three siblings, that is the authority of Peter Pan's journeysWendy
20%
One of the stepsisters who wears pink and purpleAnastasia
10%
A wise respectable panther who watches over and takes care of MowgliBagheera
10%
The Bear that is fun-loving and befriends MowgliBaloo
10%
The youngest son of Duchess and brother to Marie and ToulouseBerlioz
10%
The ladylike mother of Marie, Berlioz, and ToulouseDuchess
10%
A Huntsman who helps Snow White escape the woodsEric the Huntsman
10%
The house cat who plays as an opposite to the fish that also helps GeppetoFigaro
10%
A sly fox who is one of the villains of PinocchioHonest John
10%
The Father of Aurora and King of the landKing Stefan
10%
The black-magic profecient witch that is Merlin's nemesisMad Madam Mim
10%
The only female kitten of Duchess that tries to be like her motherMarie
10%
A giant terryfying whale that swallows Geppeto while he's looking for PinocchioMonstro
10%
The dog narrator who has grown bored of the bachelor's lifePongo
10%
The seemingly charming tiger that turns out to be the most feared predator in the jungleShere Khan
10%
Arthur's morose foster brotherSir Kay
10%
The first mate of Captain HookSmee
10%
The villain of the story wanting Pinocchio to perform for his showsStromboli
10%
The smooth talking streetwise cat that loves the outdoor lifeThomas O'Malley
10%
The oldest son of Duchess and brother to Marie and ToulouseToulouse
10%
The Queen of Heart's Herald who is late a lotWhite Rabbit
10%
An old navy veteran that neighbors the BanksAdmiral Boom
0%
School friend of Cruella that owns PeridettaAnita Radcliffe
0%
Merlin's pet owl servant who has been taught how to speakArchemedis
0%
The jack of all trades that is known as Herbert Alfred on Sundays that helps Mary with her magicBert
0%
The evil loan shark that has the traits of a businessman and a gang leaderBill Sikes
0%
A resident of wonderland that smokes hookah, and uses the smoke to make letters and pictures of what he's talking aboutCaterpillar
0%
Mischevious, unpredictable practical joker stuck with a permanent grinCheshire Cat
0%
The house fish of Geppeto's house who helps him find PinocchioCleo
0%
Pompous elephant protector of the JungleColonel Haithi
0%
The Crows that teach dumbo to flyCrows
0%
The pet raven of MaleficientDiablo
0%
The streetwise leader of Fagin's dog gangDodgers
0%
The sleepy friend of the March HareDormouse
0%
One of the stepsisters who wears greenDrizella
0%
The Butler of the owner of Duchess, that gets mad when he finds out that the owner is going to leave her fortune to Duchess and her KittensEdgar
0%
Fagin's dog gang member that matches the personality of his dog breedEinsteen
0%
The maid in the Banks house that works under Mrs. BrillEllen
0%
The leader of the dog gang that tries his best to take car of his gang even though he's a petty criminalFagin
0%
One of the Fairies that wear a green gownFauna
0%
The proper Londoner dog that's in Fagin's gangFrancis
0%
The strict father that does not like Mary Poppins gamesGeorge Banks
0%
The prize-winning poodle of the Foxworth familyGeorgette
0%
The daughter of the Banks familyJane Banks
0%
The two mice who are Cinderella's bestfriendsJaq and Gus
0%
Two brothers hired by Cruella De Vil as crooksJasper and Horace
0%
The young girl that adopts OliverJenny Foxworth
0%
The middle child of the Darlings, Wendy's brotherJohn
0%
The large snake that wants to eat MowgliKaa
0%
The previous nanny before Mary PoppinsKattie Nana
0%
The father of Prince Phillip who send him to King Stefan's CastleKing Hubert
0%
The ruler of the jungle that wants to be just like youKing Louie
0%
The mean and evil stepmother who did ot let Cinderella go to the BallLady Tremaine
0%
One of the poor boys who fell victim to the CoachmanLampwick
0%
A squirl who gets an attraction to Arthur as a squirlLittle girl squirl
0%
The elderly and wealthy owner of DuchessMadame Adelaide Bonfamillie
0%
The magical nanny that uses her powers to help the Banks family become happyMary Poppins
0%
The youngest of the DarlingsMichael
0%
The son of the Banks familyMichael Banks
0%
A lady that owns a dog that neighbors the BanksMiss Lark
0%
The financial center of the bank that George works for that is very greedy and seriousMr. Dawes Sr.
0%
The servant of the Banks family that cooks for themMrs. Brill
0%
The mother of Dumbo who is thrown into solitary confinementMrs. Jumbo
0%
Anita's old caretakerNanny
0%
The stray orphaned tabby cat that got into Fagin's gang and gets adopted by a young girl named JennyOliver
0%
The mate of Pongo that has 15 dalmatian puppies and adopts 84 morePerdita
0%
The Mother of Aurora and Queen of the landQueen Leah
0%
The only female dog in Fagin's gangRita
0%
The owner of "Pongo" the DalmationRoger Radcliffe
0%
Arthur's foster father and Kay's fatherSir Ector
0%
The consort of the Queen of Hearts being the lesser of the twoThe King of Hearts
0%
The best friend of the Mad Hatter that runs the tea partiesThe March Hare
0%
The crocodile that eats Captain HookTick-Tock
0%
The mentor and guardian of DumboTimothy Q. Mouse
0%
The chihuahua with a very long nameTito
0%
A kind older man who appears to suffer from an unknown condition that makes him fly when he laughsUncle Albert
0%
The funloving mother that is in the woman suffragette movementWinifred Banks
0%

Score Distribution

Percentile by Number Answered

Percent of People with Each Score

Your Score History

You have not taken this quiz